LIBRARY & INFORMATION CENTRE, KCAET, TAVANUR

ONLINE PUBLIC ACCESS CATALOGUE (OPAC)

Ground water engineering / (Record no. 10803)

MARC details
000 -LEADER
fixed length control field 00800cam a2200265ua 4500
020 ## - INTERNATIONAL STANDARD BOOK NUMBER
ISBN 0-07-033489-0
041 ## - LANGUAGE CODE
Language code of text/sound track or separate title eng
082 ## - DEWEY DECIMAL CLASSIFICATION NUMBER
Classification number
Item number
082 ## - DEWEY DECIMAL CLASSIFICATION NUMBER
Classification number 551.49
Item number KAS/GR
100 ## - MAIN ENTRY--AUTHOR NAME
Personal name Kashef, Abdel-Aziz Ismail .
245 ## - TITLE STATEMENT
Title Ground water engineering /
260 ## - PUBLICATION, DISTRIBUTION, ETC. (IMPRINT)
Place of publication New York :
Name of publisher McGraw Hill Book Company ,
Year of publication 1986.
300 ## - PHYSICAL DESCRIPTION
Number of Pages 572 ; .
650 ## - SUBJECT ADDED ENTRY--TOPICAL TERM
Topical Term Hydrologic parameters and related equations
650 ## - SUBJECT ADDED ENTRY--TOPICAL TERM
Topical Term Management of Groundwater
650 ## - SUBJECT ADDED ENTRY--TOPICAL TERM
Topical Term Saltwater intrusion
650 ## - SUBJECT ADDED ENTRY--TOPICAL TERM
Topical Term Two-dimensional steady state flow
650 ## - SUBJECT ADDED ENTRY--TOPICAL TERM
Topical Term Water bearing formations and groundwater occurances
650 ## - SUBJECT ADDED ENTRY--TOPICAL TERM
Topical Term Water Wells
942 ## - ADDED ENTRY ELEMENTS (KOHA)
Koha item type Books
Holdings
Withdrawn status Lost status Damaged status Home library Current library Date acquired Full call number Accession Number Koha item type
      KAUAET KAUAET 27/03/1987 16259 Books
Withdrawn     KAUAET KAUAET 07/04/2012 17672 Books
free website counter